| 000 | 00820nam a2200229Ia 4500 | ||
|---|---|---|---|
| 001 | L268-21502 | ||
| 003 | IT-CnALBA | ||
| 008 | 170116s9999||||xx |||||||||||||| ||und|| | ||
| 040 |
_aIT-CnALBA _cIT-CnALBA |
||
| 041 | _aITALIANO | ||
| 100 | _aGRIDEL, MONSIGNORE | ||
| 245 | 0 | _aSPIEGAZIONE DEL CATECHISMO CON PARAGONI ED ESEMPI. VOL. IV. | |
| 250 | _a1a ed. | ||
| 260 |
_a TORINO - ROMA _bMARIETTI EDITORE _c1872 [1° Ed.:1872 - Ed.Ling.Originale: 1872] |
||
| 300 | _a440 p. | ||
| 500 | _aTRADUZIONE DAL FRANCESE. SACRAMENTI, LEZIONI. INDULGENZE. | ||
| 501 | _aSocietà San Paolo EM - Piazza San Paolo, 14 - 12051 ALBA (CN) (non commercial uses only) ® Copyright 2017 | ||
| 520 | _aTRADUZIONE DAL FRANCESE. SACRAMENTI, LEZIONI. INDULGENZE. | ||
| 650 | _aCATECHESI | ||
| 942 | _cBK | ||
| 957 | _71 | ||
| 999 |
_a26241 _bSI _g Copie: 1 _c280603 _d280603 |
||